01188nam a2200301 u 450000100070000000500170000700800410002402000150006503500110008003500210009104000130011204100080012508200080013310000400014124500740018126000410025530000180029649000210031450502630033565000300059865000330062865000320066165000290069365000260072265000560074870000390080470000430084392657120260506155348.0050525e19960501 spa  a8434408686 a926571 a(OCoLC)777895313 ccomduadb aspa 4a15010aPascual, Juan (Psicologo)4auteaut10aManual de psicología experimental: metodología de investigación aBarcelona :bEditorial Ariel,c1996. a271 páginas0 aAriel psicologia aCONTENIDO :. -- Capitulo I: Metodología experimental. -- Capítulo II: Diseño entre grupos. -- Capítulo II: Diseño de medidas repetidas. -- Capítulo IV: Diseño con variables covariadas. -- Apéndice. -- Tablas estadísticas. -- Bibliografía. aPsicología experimental aInvestigación experimental aDiseño de investigaciones aAnálisis estadístico aDiseño experimental 7aInvestigación científicaxMetodología2armarc10aFrías Navarro, Dolores4auteaut10aGarcia, Fernando (Psicologo)4auteaut